| 000 | 00607nam a2200181Ia 4500 | ||
|---|---|---|---|
| 008 | 151202s9999||||xx |||||||||||||| ||und|| | ||
| 082 | _bPNVM-75515 | ||
| 100 | _aघाणेकर मधुसूदन. | ||
| 245 | _aआपले ग्रहयोग. | ||
| 260 | _bअक्षय्य प्रकाशन पुणे 2. | ||
| 260 | _c75515 | ||
| 300 | _a72 | ||
| 600 | _aघाणेकर मधुसूदन. | ||
| 630 | _aआपले ग्रहयोग. | ||
| 700 | _aघाणेकर मधुसूदन. | ||
| 730 | _aआपले ग्रहयोग. | ||
| 942 | _cBOOK | ||
| 999 |
_c1342174 _d1342171 |
||